| 000 | 00863 a2200229 4500 | ||
|---|---|---|---|
| 001 | 55368 | ||
| 005 | 20260407155827.0 | ||
| 008 | 260407a1986 arg spa d | ||
| 003 | AR-UNSa-BCEJYS | ||
| 040 |
_aAR-UNSa-BCEJYS _bspa _cAR-UNSa-BCEJYS |
||
| 080 |
_a340 _xDerecho. Generalidades. Propedéutica. Métodos y ciencias auxiliares del derecho |
||
| 245 | 1 | 0 | _aIntroducción al derecho |
| 020 | _a950-5-20-060-9 | ||
| 250 | _a9a. ed. | ||
| 264 | 1 |
_aBuenos Aires : _bPerrot _c1986 |
|
| 300 |
_a804 p. _c23 cm. |
||
| 505 | _a1. El derecho, la teoría de los objetos y la vida humana - 2. Los grados del conocimiento, la clasificación de las ciencias y las disciplinas jurídicas - 3. La abogacia. Vocación jurídica y ética profesional - 4. | ||
| 041 | _aspa | ||
| 942 | _cBK | ||
| 590 | _aniveau_biblio:m niveau_hierar:0 | ||
| 100 | 1 | _aTorré, Abelardo | |
| 999 |
_c5930 _d5930 |
||